000 00956cam a2200217 4500
001 ABS66926
008 030805n2003 000 0 eng u
035 _a(Sirsi) u123199
245 _aRegister your interest
260 _c2003
490 _aEstates Gazette
_v(0329) 19 July 2003, 114-116(3)
520 _aHighlights the forthcoming changes to the land registration process after 13 October 2003 when the Land Registration Act 2002 comes into force. Discusses the abolition of land and charge certificates, destruction of original deeds, rights or pre-emption and the revision of existing prescribed forms, changes in the registration of leases and more protection for proprietors of registered land against claims for squatters.
590 _aABS
650 _aLAND REGISTRATION ACT 2002
650 _aLAND REGISTRATION
650 _aREGISTRATION OF TITLE
650 _aDEEDS
650 _aCONVEYANCING
690 _aPROPERTY
942 _n0
999 _c73168
_d73168